000 00481nab a2200145Ia 4500
003 ES-SlBCS
005 20220625200734.0
008 140529s1995 xxu||||| |||| 00| 0 spa d
041 _aspa
100 1 _aCarriedo Tejedo, Manuel
_967731
245 0 0 _aUn documento leonés confirmado por Arias II de Mondoñedo (año 977)
_c Manuel Carriedo Tejedo
600 1 4 _aArias II de Mondoñedo
_9259886
773 0 _tEstudios Mindonienses
_gvol. 11, 1995, págs. 205-216
_wRev196
942 _cAR
999 _c664895
_d664895